000 05662cam a22019334i 4500
003 PE-LiUPU
005 20250813165836.0
008 150706s2011 pe a r 000 0 spa d
020 _a9786034508613
035 _a(Sirsi) a50424
040 _aPE-LiUPU
_bspa
_cPE-LiUPU
_erda
049 _aPRUA
082 0 4 _a657.46
_bP19 2011
_221
082 0 4 _a657.61
_bP21 2011
100 1 _aPalomino Hurtado, Carlos,
_d1964- ,
_eautor.
245 1 0 _aLibros y registros vinculados a asuntos tributarios :
_bcasos prácticos /
_cCarlos Palomino Hurtado.
246 2 3 _aMétodo calpa - Libros y registros vinculados a asuntos
264 1 _aLima :
_bCalpa,
_c2011.
300 _a297 páginas :
_bilustraciones ;
_c25 centímetros
336 _atext
_2rdacontent
337 _aunmediated
_2rdamedia
338 _avolume
_2rdacarrier
505 0 _aConceptos de los libros de contabilidad -- Base legal -- Formalidades -- Sanciones e infracciones en los libros de contabilidad -- Libro caja y banco -- Libro de ingresos y gastos -- Libro de inventarios y balances -- Libro de retenciones incisos e y f del artículo 34º de la ley del impuesto a la renta -- Libro diario -- Libro mayor -- Registro de activos fijos -- Registro de compras -- Registro de consignaciones -- Registro de costos -- Registro de huéspedes -- Libro de almacén -- Registro de ventas e ingresos -- Registro de percepciones -- Registro de retenciones -- Libro planilla -- Libros societarios.
526 _aP203
526 _aP200
526 _aSEG65
526 _aSEG64
526 _aSEG63
526 _aSEG62
526 _aSEG61
526 _aSEG60
526 _aSEG59
526 _aSEG58
526 _aSEG57
526 _aSEG56
526 _aSEG55
526 _aSEG54
526 _aSEG53
526 _aSEG52
526 _aSEG51
526 _aSEG50
526 _aSEG49
526 _aSEG48
526 _aSEG47
526 _aSEG46
526 _aSEG24
526 _aSEG23
526 _aSEG22
526 _aSEG21
526 _aSEG20
526 _aSEG19
526 _aSEG18
526 _aSEG17
526 _aSEG16
526 _aSEG14
526 _aSEG13
526 _aSEG12
526 _aSEG11
526 _aSEG10
526 _aSEG09
526 _aSEG06
526 _aSEG05
526 _aSEG04
526 _aSEG03
526 _aSEG02
526 _aSEG68
526 _aSEG66
526 _aSEG45
526 _aSEG25
526 _aSEG01
526 _aP163
526 _aP162
526 _aP161
526 _aP160
526 _aP159
526 _aP158
526 _aP157
526 _aP156
526 _aP155
526 _aP154
526 _aP153
526 _aP152
526 _aP151
526 _aP150
526 _aP149
526 _aP142
526 _aP141
526 _aP140
526 _aP139
526 _aP138
526 _aP137
526 _aP132
526 _aP131
526 _aP130
526 _aP126
526 _aP125
526 _aP124
526 _aP123
526 _aP115
526 _aP122
526 _aP121
526 _aP116
526 _a P114
526 _aP112
526 _aP111
526 _aP104
526 _aP103
526 _aP102
526 _aP101
526 _aP100
526 _aP96
526 _aP95
526 _aP93
526 _aP92
526 _aP91
526 _aP88
526 _aP83
526 _aP82
526 _aP79
526 _aP78
526 _aP75
526 _aP74
526 _aP71
526 _aP69
526 _a P51
526 _aP49
526 _aP48
526 _aP47
526 _aP33
526 _aP31
526 _a P30
526 _aP29
526 _aP27
526 _aP26
526 _aP25
526 _aP24
526 _a P22
526 _aP10
526 _aP09
526 _a P08
526 _aP06
526 _aP05
526 _aP04
526 _aP01
541 _g001-00033881;
541 _g001-001154;
650 0 4 _aTeneduría de libros
_zPerú.
650 0 4 _aDerecho tributario
_xLegislación
_zPerú.
_95015
650 0 4 _aContabilidad
_xLibros, registros, etc.
650 0 4 _aImpuestos
_xAspectos legales
_zPerú.
_94239
910 _agl
_cjck
_d20111117
910 _ctqv
_d20171705
910 _adbm
_bksl
_cksl
_d20191009
942 _2ddc
_cBOOK
949 _a657.46 P19 2011
_wDEWEY
_c1
_i63991
_lCCODEBUL1
_mBUL
_p09.00
_r0
_sY
_tLIBRO
_u2015-07-06
_xFCE
_PP08
_o.STAFF. Colección General
949 _a657.61
_bP21 2011
_wDEWEY
_c1
_iFJ07843
_lCCODEBUJ1
_mBUJ
_p11.00
_r0
_sY
_tBOOK
_u2017-05-17
_xCE
_PP08
_0COMPRA
_o.STAFF. Colección General Juliaca
994 _aC0
_bPEPRU
596 _a1 3
999 _a657.46 P19 2011
_wDEWEY
_c52860
_i63991
_lLOST
_mBUL
_p9.00
_r1
_sY
_tBOOK
_u2015-7-6
_xFCE
_PP08
_o.STAFF. Colección General
_d52860
999 _a657.46 P19 2011
_wDEWEY
_c2
_i80848
_f2021-11-5
_g3
_lCCODEBUL1
_mBUL
_p20.00
_r0
_sY
_tBOOK
_u2019-10-9
_xFCE
_PP08
_0COMPRA
_1FCOMPR4
_o.STAFF. Colección Ciencias Empresariales
999 _a657.46 P19 2011
_wDEWEY
_c3
_i80849
_f2021-11-5
_g3
_lCCODEBUL1
_mBUL
_p20.00
_r0
_sY
_tBOOK
_u2019-10-9
_xFCE
_PP08
_0COMPRA
_1FCOMPR4
_o.STAFF. Colección Ciencias Empresariales
999 _a657.46 P19 2011
_wDEWEY
_c1
_iFJ07843
_d2019-10-23
_e2019-8-29
_f2022-1-31
_g3
_lCCODEBUJ1
_mBUJ
_n7
_p9.00
_q7
_r0
_sY
_tBOOK
_u2017-5-17
_xFCE
_PP08
_0COMPRA
_o.STAFF. Colección General Juliaca
980 _81
_gALBERTO SANCHEZ Responsable de Automatización